It All Depends <A> Pragmatic Approach to Organization

Gespeichert in:
Bibliographische Detailangaben
1. Verfasser: Sherman, Harvey
Format: Buch
Sprache:Englisch
Veröffentlicht: Alabama University 1966
Ausgabe:1. ed.
Tags: Tag hinzufügen
Keine Tags, Fügen Sie das erste Tag hinzu!

MARC

LEADER 00000nam a2200000 4500
001 c033168
005 20221220102006.1
041 0 |a eng 
044 |a US 
245 1 0 |a It All Depends  |b <A> Pragmatic Approach to Organization  |c Harvey Sherman 
250 |a 1. ed. 
264 1 |a Alabama  |b University  |c 1966 
300 |a 218 s. 
100 1 |a Sherman, Harvey